| 000 | 00658nam a2200193Ia 4500 | ||
|---|---|---|---|
| 008 | 151121s9999||||xx |||||||||||||| ||und|| | ||
| 082 | _a832/अश्क | ||
| 082 | _bHNW-37768 | ||
| 100 | _aअश्क उपेन्द्रनाथ | ||
| 245 | _aस्वर्ग की झलक | ||
| 260 | _b"नीलाभ प्रकाशन, इलाहाबाद" | ||
| 260 | _c-- | ||
| 300 | _a103 | ||
| 600 | _aअश्क उपेन्द्रनाथ | ||
| 630 | _aस्वर्ग की झलक | ||
| 700 | _aअश्क उपेन्द्रनाथ | ||
| 730 | _aस्वर्ग की झलक | ||
| 942 | _cBOOK | ||
| 999 |
_c1229002 _d1228999 |
||